000 nam a22 a 4500
999 _c152627
_d152627
003 BLK
005 20221116111728.0
008 180410b bul|||||r ||||||| ||bul||
010 _aKNG00159136000
020 _a978-954-9352-11-5
040 _aBLK
041 _aBUL
_cBUL
072 7 _2bullib
_aН37
_xОбразование. Педагогика Н
080 _aОсновни форми на възпитание и образование
_b37.018
_z37.018
080 _aПсихология на детската възраст. Интелектуално развитие на децата. Психически особености. Детски представи, описани в разкази
_b159.922.7
_z159.922.7
100 1 _aЛайтман, Михаел Семьонович
_eпърви автор
_9372196
139 _aЛайтман, Михаел Семьонович
_bЛ 15
245 1 0 _aРазвитието на човека от 0 до 20 години
_cМихаел Семьонович Лайтман; прев. Яна Загорчинова.
257 _aBGR
260 _bВсемирно Бяло Братство
_c2012
_fСофия : Д. Благоев
300 _a320 с.
_bс ил.
_c20 см
380 _a3
490 1 _aСерия Методика на интегралното възпитание
500 _aОриг. загл.: Развитие человека от 0 до 20 / Михаэль Лайтман.
650 4 _aВъзпитание
_9151367
650 4 _aДетска и педагогическа психология
_9244538
653 _aпедагогика
653 _aдетска психология
659 _aН
700 1 _aЗагорчинова, Яна
_eпрев.
_968802
852 _aЦб 267393
856 4 _qpdf
856 4 _qpdf
942 _cKNG
_n0
_04
944 _aCR
_c03.04.2014
_kВиолета_Тройчева
944 _aED
_c17.12.2014
_kГеновева_Генчева
999 _d152627